03446nam a22002297a 4500003000400000005001700004007000300021008003600024040002500060082002800085110009600113245012500209246005600334250002200390260003400412300002300446505258100469650004203050650004903092700003503141700004003176OSt20251121123540.0ta201029b 2006 dr 00| 0 eng d aDO-SdBNPbspacBNPHU 4a345.05bR426c, 20062221 aRepública Dominicana.bComisionado de Apoyo a la Reforma y Modernización de la Justicia10aCompendio de la normativa procesal penal /c presentación Alejandro Moscoso Segarra ; prólogo César Pina Toribio 04aCompendio de la normativa procesal penal dominicana a2a. ed. ampliada  aSanto Domingo :bCAMJ,c2006. a564 p. ; c22 cm. 0 aPresentación --tPrólogo -- tLey No. 76 /02 que establece el código procesal penal de la republica dominicana -- tLey No. 278 / 04 sobre la implementación del proceso penal instituido por la ley No.76 -- 02t Ley No.78 /03 que aprueba el estatuto del ministerio público -- tLey No. 277/ 04 que crea el servicio nacional de defensa publica -- tLey No. 96 /04 ley institucional de la policía nacional -- tDecretos tDec. No. 420 / 02 que crea la comisión nacional de ejecución --tDec. No. 644 / 03 que aprueba el reglamento de integración del consejo general de procuradores -- tDec. No. 873 / 04 que dispone que los miembros del ministerio público tendrán carácter de provisionales y podrán ser sustituidos por el presidente de la república en cualquier momento -- tDec. No. 1154/ 04 que modifica el artículo 1 del decreto no. 420 -- 02, de fecha 6 de julio del 2002, integra nuevamente la comisión nacional de ejecución de la reforma procesal penal --tDec. No. 318-05 que le otorga la condición de vicepresidente ejecutivo de la (CONAE al Comisionado de Apoyo a la Reforma y Modernización de la justicia e integra a la defensa pública como miembro del pleno de la comisión --tDec. No. 09-06 que aprueba el reglamento de la carrera del ministerio público --tResoluciones Suprema Corte de Justicia t Resolución No. 1920 /03 sobre medidas anticipadas -- t Resolución No. 296-2005 reglamento del juez de ejecución de las penas --t Resolución No. 1731-2005 reglamento sobre medidas de coerción y celebración de audiencias durante la etapa preparatoria --t Resolución No. 1732-2005 reglamento para la tramitación de notificaciones, citaciones y comunicaciones judiciales --t Resolución No. 1733-2005 reglamento para el funcionamiento de la oficina judicial de servicios de atención permanente t Resolución No. 1734-2005 reglamento para la gestión administrativa de los secretarios (as) de los tribunales al amparo del código procesal penal --t Resolución No. 1735-2005 reglamento para los tribunales colegiados de primera instancia --tProcuraduría general de la República t Resolución No. 14786-03 sobre pautas al Ministerio Publico --t Resolución No. 12437-04 sobre criterio de oportunidad en casos de tránsito --t Resolución No.14383-2005 que crea el reglamento operativo de las oficinas de control de evidencias dell Ministerio Publico --t Resolución No.14390-2005 que crea la unidad de custodia y administración de bienes incautados del Ministerio Publico --40aDerecho penalzRepública Dominicana40aProcedimiento penal zRepública Dominicana1 aPina Toribio, Césarepról.1 aMoscoso Segarra, Alejandro Ad1964-